|
|
|
|
| LEADER |
01407nam a22003614a 4500 |
| 001 |
EBC3051603 |
| 003 |
MiAaPQ |
| 005 |
20200520144314.0 |
| 006 |
m o d | |
| 007 |
cr cn||||||||| |
| 008 |
990519s2000 cau sb 000 0 eng |
| 010 |
|
|
|z 99016123
|
| 020 |
|
|
|z 1885073534
|
| 035 |
|
|
|a (MiAaPQ)EBC3051603
|
| 035 |
|
|
|a (Au-PeEL)EBL3051603
|
| 035 |
|
|
|a (CaPaEBR)ebr10026329
|
| 035 |
|
|
|a (OCoLC)922952253
|
| 040 |
|
|
|a MiAaPQ
|c MiAaPQ
|d MiAaPQ
|
| 050 |
|
4 |
|a HF1359
|b .C87 2000
|
| 082 |
0 |
4 |
|a 337
|2 21
|
| 100 |
1 |
|
|a Curry, Jeffrey E.,
|d 1953-
|
| 245 |
1 |
2 |
|a A short course in international economics
|h [electronic resource] :
|b understanding the dynamics of the international marketplace /
|c Jeffrey Edmund Curry.
|
| 260 |
|
|
|a Novato, Calif. :
|b World Trade Press,
|c c2000.
|
| 300 |
|
|
|a viii, 184 p.
|
| 490 |
1 |
|
|a The short course in international trade series
|
| 504 |
|
|
|a Includes bibliographical references (p. 183).
|
| 533 |
|
|
|a Electronic reproduction. Ann Arbor, MI : ProQuest, 2015. Available via World Wide Web. Access may be limited to ProQuest affiliated libraries.
|
| 650 |
|
0 |
|a International economic relations.
|
| 650 |
|
0 |
|a International trade.
|
| 655 |
|
4 |
|a Electronic books.
|
| 710 |
2 |
|
|a ProQuest (Firm)
|
| 830 |
|
0 |
|a Short course in international trade series.
|
| 856 |
4 |
0 |
|u https://ebookcentral.proquest.com/lib/matrademy/detail.action?docID=3051603
|z Click to View
|